00579 2200181 4500001002100000005001700021035002400038040001200062082001200074084002200086110003800108245012100146260003900267300003200306650002600338850001200364990002100376YOGYA00000000001577020170502081410.0 0010-081400000015488 aYOPDYOG a370.212 aDEP 370.212 Kan S aKANTOR Statistik BPS (Yogyakarta) aStatistik pendidikan diluar lingkungan Departemen P & K Propinsi Daerah Istimewa Yogyakarta 1993c/ Kantor Statistik aYogyakartabKantor Statistikc1994 a112 hlm.b: ilus.c; 28 cm. aPendidikanxStatistik aYOPDYOG aCB-D.11/1994-220